[Event "EU-ch 4th"]
[Site "Istanbul"]
[Date "2003.05.31"]
[Round "2"]
[White "Atalik, Suat"]
[Black "Aleksandrov, Aleksej"]
[Result "1/2-1/2"]
[WhiteElo "2568"]
[BlackElo "2650"]
[Annotator "Atalik,S"]
[PlyCount "89"]
[EventDate "2003.05.30"]
[EventType "swiss"]
[EventRounds "13"]
[EventCountry "TUR"]
[SourceTitle "CBM 096"]
[Source "ChessBase"]
[SourceDate "2003.09.25"]
[SourceVersion "1"]
[SourceVersionDate "2003.09.25"]
[SourceQuality "1"]

1. Nf3 Nf6 2. c4 e6 3. Nc3 d5 4. d4 Bb4 {Ragozin is this talented Belarus' one
of main weapons.} 5. cxd5 exd5 6. Bg5 Nbd7 {This time he goes for Westphalia.}
7. e3 c5 8. Bb5 $5 {Alex's favorite especially in his younger years.} Qa5 9.
Bxd7+ $6 {This is a common mistake. White has to change the move order.} (9.
O-O Bxc3 10. Bxd7+ Nxd7 $1 {The other recapture is very risky.} 11. bxc3 c4 12.
Qc2 $14 {is the right move order.}) 9... Nxd7 10. O-O c4 11. e4 $2 {This leads
to a very bad position.} (11. Qc2 O-O 12. Rfc1 Nb6 {and black has no problems.}
) 11... Bxc3 12. bxc3 $8 {Believe or not this was not my intention.} ({My
original intention leads to a catastroph.} 12. exd5 $2 Bb4 13. Qe2+ Kf8 14.
Rfe1 Nf6 $19) 12... dxe4 13. Qe2 Qd5 14. Rfe1 O-O $1 {Black has to give the
pawn up in the right moment.} (14... f5 $2 15. Nd2 Nb6 16. f3 O-O 17. fxe4 fxe4
18. Nxe4 Bf5 19. Nc5 $14) 15. Qxe4 Qxe4 16. Rxe4 Nb6 $17 {Black is clearly
better.} 17. Bd2 Bd7 18. Ree1 f6 19. h3 Na4 20. Nh2 (20. d5 Nc5) 20... b5 21.
Nf1 Kf7 22. Ng3 Rfd8 23. Re2 a5 24. Rae1 Re8 25. Ne4 Kg6 26. Re3 h5 27. a3 Bc6
28. f3 h4 $2 {This is a very bad mistake.} ({Black has to prevent 29.Nc5.} 
28... Rad8 $1 29. g4 hxg4 30. hxg4 Bxe4 31. fxe4 b4 $1 32. axb4 axb4 33. cxb4
Rxd4 34. Bc3 Nxc3 35. Rxc3 Rexe4 36. Rxe4 Rxe4 $19) 29. Nc5 $1 $11 {Opposite
colored bishops really works for white to equalize.} Rxe3 30. Rxe3 Nxc5 31.
dxc5 Rd8 32. Re2 $1 {No passage for blacks rook.} (32. Re6 $2 Rxd2 33. Rxc6 b4
$1 $19) 32... Kf7 33. Kf2 Rd3 34. Be1 $1 {Material is not important!} Rd5 35.
Kf1 g5 (35... Rxc5 36. Bxh4 $11) 36. Rd2 Rxc5 37. Bf2 Re5 38. Rd6 {By some
exact moves white has succeeded to trade the rooks off.} Re6 39. Rxe6 Kxe6 40.
Bc5 {This has looked more secure than allowing black's bishop around my
kingside.} (40. Bb6 b4 41. cxb4 axb4 42. axb4 c3 43. Ke1 Bb5 44. Bd4 c2 45. Be3
Kd5 46. Kd2 Bf1 47. f4 $1 $11) 40... f5 41. Kf2 {Continuing with the same
policy.} (41. Bb6 b4 42. cxb4 c3 43. bxa5 c2 44. Be3 f4 45. Bc1 Bb5+ 46. Ke1
Kd5 47. a4 Ba6 48. Bb2 Kc4 49. Kd2 Kb3 50. Bf6 Bf1 51. Kc1 Kxa4 52. Bxg5 Kxa5
53. Kxc2 Bxg2 54. Bxf4 $11) 41... f4 42. Ke2 Be8 43. Kf2 Bg6 44. Bf8 {Draw
offer.} Be8 45. Ke2 {My opponent has understood that after} (45. Ke2 b4 46.
axb4 a4 47. b5 Bxb5 48. Ba3 $11 {there is no gate to pass for his king.})
1/2-1/2

[Event "EU-ch 2nd"]
[Site "Ohrid"]
[Date "2001.06.14"]
[Round "13"]
[White "Atalik, Suat"]
[Black "Aleksandrov, Aleksej"]
[Result "1/2-1/2"]
[WhiteElo "2537"]
[BlackElo "2610"]
[Annotator "Atalik,S"]
[PlyCount "25"]
[EventDate "2001.06.01"]
[EventType "swiss"]
[EventRounds "13"]
[EventCountry "YUG"]
[SourceTitle "CBM 084"]
[Source "ChessBase"]
[SourceDate "2001.09.13"]
[SourceVersion "1"]
[SourceVersionDate "2001.09.13"]
[SourceQuality "1"]

{I was criticized not to play this game.However if I would have lost it I
would lose everything. Yet a draw was giving way to tiebreakers from second or
third round due to my good buccholz.} 1. Nf3 d5 2. d4 Nf6 3. c4 e6 4. Nc3 Bb4
5. Bg5 h6 {Ragozin's Defence.} 6. Bxf6 Qxf6 7. e3 (7. Qb3 c5 8. cxd5 exd5 9. e3
(9. a3 $5 {is an interesting alternative.}) 9... O-O 10. Be2 $5 (10. dxc5 Bxc3+
11. bxc3 Be6 $1 {Serper's novelty.} 12. Nd4 Nd7 13. Qxb7 Nxc5 14. Qb2 Qg5 $1
$44 {Kacheshvili's follow up threatening Qg2 is not that pleasant for white.})
10... Nc6 11. O-O Be6 (11... c4 $6 12. Qa4 Bxc3 13. bxc3 Be6 14. Qb5 Rab8 15.
a4 Qg6 16. Ne1 Rfe8 17. Bf3 Ne7 18. g3) 12. a3 c4 13. Qa4 Bxc3 {Otherwise Qb5
happens.} 14. bxc3 a6 15. Rfb1 b5 16. Qd1 Rab8 17. Qd2 Bf5 18. Rb2 $13) 7... c5
8. Rc1 dxc4 9. Bxc4 O-O 10. O-O cxd4 11. Nxd4 Bd7 12. Qb3 Nc6 13. Nxc6 (13.
Nxc6 Bxc3 14. Qxc3 Bxc6 15. Qxf6 gxf6 16. f3 Rfd8 17. Rfd1 Rac8 18. Bd3 f5 19.
Kf2 $11) 1/2-1/2

[Event "TUR-chT"]
[Site "Kocaeli"]
[Date "2008.07.01"]
[Round "13"]
[White "Atalik, Suat"]
[Black "Arutinian, David"]
[Result "1/2-1/2"]
[WhiteElo "2592"]
[BlackElo "2593"]
[Annotator "Atalik,S"]
[PlyCount "60"]
[EventDate "2008.06.24"]
[EventType "team"]
[EventRounds "15"]
[EventCountry "TUR"]
[SourceTitle "CBM 125"]
[Source "ChessBase"]
[SourceDate "2008.07.30"]
[SourceVersion "1"]
[SourceVersionDate "2008.07.30"]
[SourceQuality "1"]

1. d4 Nf6 2. c4 e6 3. Nf3 d5 4. Nc3 Bb4 5. Bg5 O-O $5 {This is the way the
Georgians play this opening.} 6. cxd5 exd5 7. e3 (7. Rc1 c6 8. e3 Nbd7 $11 {
is normal for Black.}) (7. Qb3 c5 8. a3 Bxc3+ 9. Qxc3 c4 10. Nd2 $13) 7... c5
8. dxc5 Bxc3+ $1 9. bxc3 Be6 {In the light of this very game it becomes clear
that this is one of the most challenging lines in this position.} 10. Bb5 h6
11. Bxf6 {This tempo move may be the core of any existing mistake in the game.}
Qxf6 12. Qd4 Qe7 13. Nd2 Rc8 (13... Qg5 14. h4 Qxg2 15. O-O-O $40) 14. Nb3 a6
15. Ba4 b5 16. cxb6 Rc4 17. b7 Qxb7 18. Qd1 Rxa4 $1 $146 {After a string of
forced moves Black strikes with a good novelty which finishes the game as a
draw right away.} (18... Qc7 19. Nd4 $14) 19. Nc5 Qb5 20. Nxa4 Bd7 21. Rb1 $8
Qxa4 22. Qxd5 Bc6 $1 $11 (22... Qc6 23. c4 $13 {is not clear at all.}) 23. Qd8+
Kh7 24. Rxb8 (24. O-O $2 Qe4 $1 (24... Bxg2 $2 $11) 25. f3 Qxe3+ 26. Kh1 Nd7
$17 {and two pieces should prevail in this position.}) 24... Rxb8 25. Qxb8 Bb5
$1 (25... Qe4 $2 26. Qb3 Qxg2 27. Rf1 Qxh2 28. Qxf7 Bg2 29. Qf5+ Kg8 30. Qe6+
Kh7 31. Qxa6 $18) 26. Qd6 $11 {This is al I saw.} (26. Qf4 {is also possible.}
Qc2 27. c4 Bxc4 28. Qg4 $11) 26... Qxa2 27. Qd2 Qa1+ 28. Qd1 Qxc3+ 29. Qd2 Qa1+
30. Qd1 Qc3+ 1/2-1/2

[Event "Solin 11th"]
[Site "Solin/Spilt"]
[Date "2003.12.13"]
[Round "2"]
[White "Saric, Ante"]
[Black "Kovacevic, Vlatko"]
[Result "0-1"]
[WhiteElo "2382"]
[BlackElo "2503"]
[Annotator "Atlas,V"]
[PlyCount "94"]
[EventDate "2003.12.12"]
[EventType "tourn"]
[EventRounds "9"]
[EventCountry "CRO"]
[EventCategory "9"]
[SourceTitle "CBM 099"]
[Source "ChessBase"]
[SourceDate "2004.03.30"]
[SourceVersion "1"]
[SourceVersionDate "2004.03.30"]
[SourceQuality "1"]

1. c4 e6 2. d4 d5 3. Nf3 Nc6 4. Nc3 Bb4 5. Bg5 Nf6 6. e3 h6 7. Bxf6 Qxf6 8. Rc1
O-O 9. cxd5 exd5 10. a3 Bxc3+ 11. Rxc3 Qd6 12. Qc2 Ne7 13. b4 Bf5 14. Bd3 Bxd3
15. Qxd3 c6 16. O-O a6 17. Qc2 Nc8 18. Rb1 Qe6 19. a4 Nd6 20. Nd2 Rfe8 21. Nb3
Re7 22. Nc5 Qf6 23. a5 Rae8 24. Qd1 h5 25. h3 Qg5 26. Qf3 Ne4 27. Rc2 Qg6 28.
Nxe4 Rxe4 29. Rcc1 h4 30. Rb3 f5 31. Rcc3 R8e6 32. Kh2 Qg5 {Threatening 33...
f4.} 33. g3 $2 {This move, weakening White's kingside, simplifies Black's task.
} Rh6 34. Rb1 hxg3+ 35. fxg3 Rhe6 36. h4 Qf6 $6 (36... Rxh4+ {was much simpler:
} 37. gxh4 Rh6 38. Qg2 Rxh4+ 39. Kg1 Rg4) 37. Rf1 g6 38. Rb1 Qe7 39. Rbb3 Qd6
40. Kg2 Rg4 41. Rc1 Ree4 42. Kf2 Qf6 43. Kg2 $2 {[%csl Gf6,Rg2,Gg4,Rh4] A
blunder, yielding Black a decisive advantage.} Qxh4 44. Rh1 Qg5 45. Kf2 Re7 46.
Qg2 {[%csl Re3,Rf2,Rg2,Rg3]} f4 $1 {The most convicing way to the victory.} 47.
exf4 {[%tqu "En","How can Black justify his pawn sacrifice on the previous
move?","Watch out for geometrical motifs and exploit a bad coordination of
White's pieces","Sacrifice your rook!","g4f4","This elegant move wins
immediately.",5]} Rxf4+ $1 {[%csl Re2,Ge7,Rf2,Gf4,Rg2,Gg5][%cal Gg5g2]} ({
A nice game conclusion. White resigned, as after} 47... Rxf4+ 48. gxf4 Re2+ {
he loses the queen and the rook.}) 0-1

[Event "Lost Boys 5th"]
[Site "Antwerp"]
[Date "1997.??.??"]
[Round "7"]
[White "Novikov, Igor A"]
[Black "Piket, Jeroen"]
[Result "1/2-1/2"]
[WhiteElo "2590"]
[BlackElo "2630"]
[Annotator "Baburin,A"]
[PlyCount "109"]
[EventDate "1997.08.01"]
[EventType "tourn"]
[EventRounds "7"]
[EventCountry "BEL"]
[EventCategory "15"]
[SourceTitle "CBM 061"]
[Source "ChessBase"]
[SourceDate "1997.11.23"]
[SourceVersion "1"]
[SourceVersionDate "1997.11.23"]
[SourceQuality "1"]

1. d4 Nf6 2. c4 e6 3. Nf3 d5 4. Nc3 Nbd7 5. Bg5 Bb4 6. cxd5 exd5 7. Rc1 h6 8.
Bh4 c6 (8... c5 9. dxc5 Qa5 10. Qd4 O-O 11. a3 Bxc5 12. Qd2 Be7 13. e3 Nb6 14.
Nd4 Ne4 15. Bxe7 Nxd2 16. Bb4 Qxb4 17. axb4 Nxf1 18. Rxf1 Be6 19. b3 $14 {
Epishin-Serper, Moscow Alekhine op 1992.}) 9. Nd2 O-O 10. e3 Re8 11. Bd3 Bd6
12. O-O Nf8 13. e4 dxe4 14. Ndxe4 Be7 15. Bxf6 Bxf6 16. Nxf6+ Qxf6 {Yet
another metamorphosis possible in this pawn structure has occured. White has
the isolated d4-pawn. Here, it does not give him a significant advantage,
since quite a few pieces have been exchanged, and White does not have a big
lead in development.} 17. d5 Bd7 18. Qb3 Rab8 19. Rce1 Ng6 20. Rxe8+ Bxe8 21.
Re1 Nf4 22. Be4 Bd7 23. dxc6 Bxc6 24. Bxc6 Qxc6 25. Re4 Nd3 26. Qc2 Rd8 27. h3
b5 28. Re3 Qd7 29. a3 a5 30. Ne4 Qd4 31. Re2 b4 32. axb4 axb4 33. Ng3 b3 34.
Qd1 Rc8 35. Rd2 Qf4 36. Nf1 Rc1 37. Qe2 Nc5 38. g3 Qf5 39. Qg4 Qb1 40. Qe2 Ne4
41. Rd8+ Kh7 42. Kg2 Nc5 43. Rd5 Rxf1 44. Rxc5 Rg1+ 45. Kh2 Rh1+ 46. Kg2 Rg1+
47. Kh2 Qf1 48. Qe4+ g6 49. Rf5 gxf5 50. Qxf5+ Kh8 51. Qc8+ Kg7 52. Qg4+ Kf8
53. Qb4+ Ke8 54. Qe4+ Kd7 55. Qd5+ 1/2-1/2

[Event "Vidmar Memorial 12th "]
[Site "Portoroz"]
[Date "1997.07.09"]
[Round "5"]
[White "Beliavsky, Alexander G"]
[Black "Zvjaginsev, Vadim"]
[Result "1/2-1/2"]
[WhiteElo "2710"]
[BlackElo "2635"]
[Annotator "Baburin,A"]
[PlyCount "88"]
[EventDate "1997.07.05"]
[EventType "tourn"]
[EventRounds "9"]
[EventCountry "SLO"]
[EventCategory "15"]
[SourceTitle "CBM 061"]
[Source "ChessBase"]
[SourceDate "1997.11.23"]
[SourceVersion "1"]
[SourceVersionDate "1997.11.23"]
[SourceQuality "1"]

1. d4 Nf6 2. Nf3 d5 3. c4 e6 4. Nc3 Bb4 5. Bg5 Nbd7 6. e3 c5 7. cxd5 exd5 8.
Bd3 c4 9. Bf5 Nb6 10. Bxc8 Rxc8 11. O-O O-O 12. Ne5 ({A good illustration of
Black's ideas and intentions in this position is the following game:} 12. Qc2
Be7 13. Nd2 Ng4 14. Bxe7 Qxe7 15. Rfe1 Rc6 16. Nf1 f5 17. f3 Nf6 18. Rad1 Qd7
19. Qf2 Na8 20. Qd2 Nc7 21. e4 fxe4 22. fxe4 Ng4 23. Re2 Rcf6 24. Ne3 Nf2 25.
Rf1 Nxe4 26. Nxe4 Rxf1+ 27. Nxf1 dxe4 28. Rxe4 b5 $17 {Murugan-Zvjaginsev,
Goodricke op 1997.} (28... b5 29. Ne3 Ne6 30. d5 Nc5 31. Rd4 Qd6 32. Rg4 Nd3
33. Qc3 Qh6 {0-1 Murugan,K-Zvjaginsev,V/Goodricke op 1997/EXP 58} (33... Qh6
34. Qd4 {0-1 Murugan,K-Zvjaginsev,V/Goodricke 1997/EXP 56}))) 12... Be7 13.
Bxf6 Bxf6 14. a4 a5 15. f4 {Since Black cannot utilize the weakness of the
e4-square, this serves White well. However, Black's position is solid enough,
as the game proves.} Qe7 16. Qf3 Rcd8 17. Rf2 Bxe5 18. dxe5 f6 $1 19. exf6 Qxf6
20. Rd1 Qc6 21. Rfd2 Nxa4 22. Nxa4 Qxa4 23. Rxd5 Rxd5 24. Qxd5+ Kh8 25. Kf2 h6
26. Rd2 Qb4 27. Ke2 c3 28. bxc3 Qxc3 29. Qxb7 Re8 30. Qb6 a4 31. Qd4 Qxd4 32.
Rxd4 Ra8 33. Rd2 a3 34. Ra2 Kg8 35. Kd2 Kf7 36. Kc2 Ke6 37. Kb1 Kf5 38. Rc2 Ke4
39. Rc7 Kxe3 40. Rxg7 Kxf4 41. Rg6 h5 42. h4 a2+ 43. Ka1 Ra3 44. Rg5 Rg3
1/2-1/2

[Event "RUS-Cup10"]
[Site "Tomsk"]
[Date "1997.07.26"]
[Round "5"]
[White "Yakovich, Yuri"]
[Black "Voitsekhovsky, Stanislav"]
[Result "1-0"]
[WhiteElo "2610"]
[BlackElo "2480"]
[Annotator "Baburin,A"]
[PlyCount "103"]
[EventDate "1997.07.21"]
[EventType "swiss"]
[EventRounds "9"]
[EventCountry "RUS"]
[SourceTitle "EXT 2000"]
[Source "ChessBase"]
[SourceDate "1999.11.16"]
[SourceVersion "1"]
[SourceVersionDate "1999.11.16"]
[SourceQuality "1"]

1. d4 Nf6 2. c4 e6 3. Nf3 d5 4. Nc3 Bb4 5. Bg5 Nbd7 6. cxd5 exd5 7. Qc2 c5 8.
a3 Bxc3+ 9. Qxc3 c4 10. Nd2 O-O 11. e3 h6 12. Bf4 Nb6 $6 ({Perhaps,a better
approach is} 12... b5 13. a4 bxa4 14. Rxa4 Nb6 15. Ra5 Bd7 16. Qa3 a6 17. Be2
Bb5 18. O-O Rc8 19. Nb1 Ne4 {with a complicated position, as in the game
Dreev-Zvjaginsev, 1997.} (19... Ne4 20. Nc3 Nxc3 21. bxc3 Rc6 22. Bd1 Re8 23.
Qc1 Nd7 24. Ra2 Nf6 25. Re1 Rb6 26. Qa1 Qc8 27. Be5 Nd7 28. Bg3 Nf6 29. Be5 Nd7
30. Bg3 Nf6 31. f3 Bd7 32. Ra5 Bf5 33. Ba4 Re7 34. Rc5 Qb7 35. e4 Bg6 36. e5
Nd7 37. Ra5 Bd3 38. Qa3 Ree6 39. Bf4 Rb1 40. Rxb1 Qxb1+ 41. Qc1 Qa2 42. Qd2 Qa3
43. Qc1 Qa2 44. Qd2 Qb1+ 45. Qc1 Qa2 {1/2-1/2 Dreev,A-Zvjaginsev,V/RUS-ch m1-2
1997/CBM 59})) 13. a4 a5 14. Be2 Bf5 15. O-O Qe7 16. Qa3 Qxa3 17. Rxa3 Rfc8 18.
Rc1 Ne4 19. Nb1 $1 f6 (19... g5 $5) 20. f3 Ng5 21. Nc3 Bd7 {White has achieved
an avantage. His pawn majority in the centre can be used, while Black's pawns
on the queenside are stopped. The e3-e4 advance is a typical plan exploiting
White's advantage in such pawn formations.} 22. Bd1 Ne6 23. Bg3 Nc7 24. e4 $16
dxe4 25. fxe4 f5 26. Bf3 fxe4 27. Bxe4 Bc6 28. Bf5 Ncd5 29. Be6+ Kh7 30. Nxd5
Bxd5 31. Bxc8 Rxc8 32. Re1 Bc6 33. Re7 Nd5 34. Re6 Rf8 35. Be5 Rf7 36. Rd6 c3
37. bxc3 Ne3 38. Ra1 Bxg2 39. Bg3 Bc6 40. Re6 Rf3 41. Be5 Nc4 42. Re7 Nxe5 43.
Rxe5 Rxc3 44. d5 Bd7 45. Re7 Bg4 46. Rb1 Rd3 47. Rbxb7 h5 48. Rxg7+ Kh6 49. h4
Rd2 50. Rg5 Bd1 51. Rb6+ Kh7 52. Re5 1-0

[Event "Orel"]
[Site "Orel"]
[Date "1995.??.??"]
[Round "4"]
[White "Savon, Vladimir A"]
[Black "Mochalov, Evgeny Veniaminovic"]
[Result "1-0"]
[WhiteElo "2390"]
[BlackElo "2455"]
[Annotator "Baburin,A"]
[PlyCount "127"]
[EventDate "1995.??.??"]
[EventType "tourn"]
[EventRounds "9"]
[EventCountry "RUS"]
[EventCategory "10"]
[SourceTitle "CBM 048"]
[Source "ChessBase"]
[SourceDate "1995.10.01"]
[SourceVersion "1"]
[SourceVersionDate "1995.10.01"]
[SourceQuality "1"]

1. d4 Nf6 2. c4 e6 3. Nf3 d5 4. Nc3 Bb4 5. cxd5 exd5 6. Bg5 Nbd7 7. Qc2 h6 8.
Bxf6 Bxc3+ 9. Qxc3 Nxf6 10. b4 Ne4 11. Qb2 c6 12. e3 Qd6 13. a3 O-O 14. Bd3 Re8
15. O-O Be6 16. Rfc1 Rac8 17. a4 {In such positions White has very unpleasant
pressure, he threatens to create a weakness on c6 soon or later, while Black
has difficulties in organizing counterplay on the Kside - too many pieces have
been swapped off.} a6 18. Bf1 Qe7 19. Ne5 Nd6 20. Nd3 Bf5 21. Nc5 Ne4 22. Nxe4
Qxe4 23. b5 axb5 24. axb5 Bd7 25. g3 Ra8 26. bxc6 Bxc6 27. h4 h5 28. Bb5 $1 Qe6
29. Rxa8 Rxa8 30. Bxc6 bxc6 {White has reached his aim and wins this typical
position nicely.} 31. Qb7 Rc8 32. Rc3 Qe8 33. Rc1 g6 34. Ra1 Rb8 35. Qc7 Rc8
36. Qf4 Ra8 37. Rc1 Rc8 38. Qf6 Qe6 39. Qxe6 fxe6 40. Kg2 Kg7 41. Kf3 Kf6 42.
Kf4 Rc7 43. f3 Rc8 44. g4 hxg4 45. fxg4 Rh8 46. g5+ Ke7 47. Kg4 Kd6 48. Rf1 Ke7
49. Rf6 Rg8 50. h5 gxh5+ 51. Kxh5 c5 52. dxc5 Rc8 53. Rf3 Rxc5 54. g6 Rc1 55.
Rf7+ Kd6 56. g7 Rg1 57. Kh6 Rg3 58. Rf6 Rh3+ 59. Kg6 Rxe3 60. Kf7 Rg3 61. Rxe6+
Kc5 62. Rg6 Rf3+ 63. Ke7 Re3+ 64. Kd7 1-0